[Event "Montreal CC-ch"]
[Site "Montreal CAN"]
[Date "2023.06.17"]
[Round "3.3"]
[White "Chapdelaine, Gwyn"]
[Black "Bain-Thouvarez, Aurelien"]
[Result "1/2-1/2"]
[WhiteElo "2110"]
[BlackElo "1883"]
[PlyCount "73"]
[EventDate "2023.06.16"]
[EventType "swiss"]
[EventRounds "5"]
[EventCountry "CAN"]

1. e4 d5 2. exd5 Nf6 3. d4 Bg4 4. Be2 Bxe2 5. Nxe2 Qxd5 6. O-O Nc6 7. Nbc3 Qh5
8. Nf4 Qxd1 9. Rxd1 O-O-O 10. d5 Nb4 11. a3 Nxc2 12. Ra2 e5 13. dxe6 Rxd1+ 14.
Nxd1 Nd4 15. exf7 Nb3 16. Bd2 Kd7 17. Nd3 Nd5 18. a4 a5 19. Bg5 Bd6 20. Nc1 Nd4
21. Nc3 Nb4 22. Ra1 Ke6 23. N1e2 Nb3 24. Rd1 Kxf7 25. Nb5 Re8 26. Kf1 Re5 27.
Bf4 Rc5 28. Bxd6 cxd6 29. Nxd6+ Ke7 30. Nc3 Rc7 31. g4 g6 32. Nde4 h6 33. Rd6
Rc6 34. Nd5+ Nxd5 35. Rxd5 Rc1+ 36. Kg2 Rc4 37. Rb5 1/2-1/2

[Event "Montreal CC-ch"]
[Site "Montreal CAN"]
[Date "2023.06.17"]
[Round "3.4"]
[White "Baran, Marius"]
[Black "Mok, Yuen Tak"]
[Result "0-1"]
[WhiteElo "1803"]
[BlackElo "2075"]
[PlyCount "132"]
[EventDate "2023.06.16"]
[EventType "swiss"]
[EventRounds "5"]
[EventCountry "CAN"]

1. d4 d5 2. c4 c6 3. cxd5 cxd5 4. Nf3 Nc6 5. Nc3 Nf6 6. Bf4 a6 7. e3 Bg4 8. h3
Bxf3 9. Qxf3 e6 10. a3 Rc8 11. Bd3 Bd6 12. Bxd6 Qxd6 13. O-O b5 14. b4 O-O 15.
Rfc1 Qd7 16. Bb1 Rc7 17. Ba2 Rfc8 18. Qd1 Nxb4 19. axb4 Rxc3 20. Rxc3 Rxc3 21.
Bb3 Qc8 22. Kh2 h6 23. g3 Ne4 24. Kg2 Nd6 25. Qb1 Ne4 26. Qa2 Rc6 27. Qb2 h5
28. h4 Qc7 29. Ra3 g6 30. Ra5 Nd6 31. Qa2 Qc8 32. Qa1 Kh7 33. Ra2 Ne4 34. Qb2
Nc3 35. Ra3 Kg7 36. Qa1 Ne4 37. Qa2 Kf8 38. Qb2 Nd6 39. Qa1 Ke7 40. Ra2 Kd8 41.
Qb1 Kc7 42. Rc2 Kb6 43. Rc5 Ne4 44. Rxc6+ Qxc6 45. Qa2 Kb7 46. Bc2 Nd6 47. Bd3
Qc3 48. Qb1 Nc4 49. Bxc4 dxc4 50. Qe4+ Kb6 51. Qf4 Qxb4 52. Qxf7 Qd6 53. Qxg6
c3 54. Kf1 Qc6 55. Qc2 Qc4+ 56. Ke1 b4 57. g4 b3 58. Qc1 Qd3 59. Qa3 Qd2+ 60.
Kf1 Qd3+ 61. Kg1 Qb5 62. Qd6+ Qc6 63. Qb8+ Qb7 64. Qd6+ Ka7 65. Qc5+ Qb6 66.
Qxc3 b2 0-1

[Event "Montreal CC-ch"]
[Site "Montreal CAN"]
[Date "2023.06.17"]
[Round "3.5"]
[White "Chasles, Jean-Benoit"]
[Black "Gauthier, Luc"]
[Result "1/2-1/2"]
[WhiteElo "1829"]
[BlackElo "1694"]
[PlyCount "84"]
[EventDate "2023.06.16"]
[EventType "swiss"]
[EventRounds "5"]
[EventCountry "CAN"]

1. e4 Nf6 2. e5 Nd5 3. c4 Nb6 4. d4 d6 5. exd6 cxd6 6. Nf3 g6 7. Bf4 Bg7 8. Qd2
Bg4 9. Bh6 O-O 10. Bxg7 Kxg7 11. Be2 Nc6 12. b3 e6 13. h3 Bxf3 14. Bxf3 d5 15.
c5 Nc8 16. O-O N8e7 17. g4 Ng8 18. Kg2 Nf6 19. Nc3 Qa5 20. Rfd1 Rad8 21. a3 a6
22. b4 Qc7 23. Qe3 Rfe8 24. g5 Ng8 25. b5 Na5 26. Be2 Ne7 27. f4 Nf5 28. Qf2
Nc4 29. Bxc4 dxc4 30. b6 Qc6+ 31. Kg1 Qd7 32. Rd2 e5 33. Ne4 Nxd4 34. Nd6 Qxh3
35. Nxe8+ Rxe8 36. Rxd4 exd4 37. Qxd4+ Kg8 38. Rc1 Qg3+ 39. Kf1 Qh3+ 40. Kg1
Qg3+ 41. Kf1 Qh3+ 42. Kg1 Qg3+ 1/2-1/2

[Event "Montreal CC-ch"]
[Site "Montreal CAN"]
[Date "2023.06.17"]
[Round "3.6"]
[White "Vignalou, Joseph"]
[Black "Martel, Paul"]
[Result "1-0"]
[WhiteElo "1551"]
[BlackElo "1593"]
[PlyCount "45"]
[EventDate "2023.06.16"]
[EventType "swiss"]
[EventRounds "5"]
[EventCountry "CAN"]

1. e4 b6 2. d4 Bb7 3. f3 e6 4. Be3 Nf6 5. Nh3 c5 6. c3 cxd4 7. cxd4 Bb4+ 8. Nd2
Nc6 9. a3 Be7 10. Bd3 O-O 11. O-O h6 12. f4 d6 13. Nf3 Ng4 14. Bd2 f5 15. exf5
exf5 16. d5 Nb8 17. Nd4 Bxd5 18. Bxf5 Nf6 19. Be6+ Bxe6 20. Nxe6 Qd7 21. Nxf8
Bxf8 22. Bc3 Ne4 23. Qd5+ 1-0

[Event "Montreal CC-ch"]
[Site "Montreal CAN"]
[Date "2023.06.17"]
[Round "3.7"]
[White "Desjardins, Nicolas"]
[Black "Genzling, Jerome"]
[Result "0-1"]
[WhiteElo "1152"]
[BlackElo "2157"]
[PlyCount "68"]
[EventDate "2023.06.16"]
[EventType "swiss"]
[EventRounds "5"]
[EventCountry "CAN"]

1. e4 c5 2. Nf3 Nc6 3. d4 cxd4 4. Nxd4 g6 5. Be3 Bg7 6. Bc4 Nf6 7. Nc3 O-O 8.
O-O d6 9. a3 Ng4 10. Nxc6 bxc6 11. Bd2 Rb8 12. b4 Ne5 13. Bb3 Ba6 14. Re1 Nc4
15. Qe2 Nxd2 16. Qxd2 c5 17. Ra2 e6 18. Na4 c4 19. Rd1 cxb3 20. cxb3 Qh4 21.
Re1 Rfd8 22. g3 Qe7 23. Rc2 Rbc8 24. Nc3 Rc7 25. b5 Bb7 26. b6 axb6 27. Nb5
Rxc2 28. Qxc2 Rc8 29. Qd2 Qd7 30. Nxd6 Rd8 31. e5 Bxe5 32. Rxe5 Qxd6 33. Qxd6
Rxd6 34. Re3 Rd1+ 0-1

[Event "Montreal CC-ch"]
[Site "Montreal CAN"]
[Date "2023.06.17"]
[Round "3.8"]
[White "Kozlov, Guennadi"]
[Black "Chaudari, Prabhas"]
[Result "1/2-1/2"]
[WhiteElo "1739"]
[BlackElo "1523"]
[PlyCount "97"]
[EventDate "2023.06.16"]
[EventType "swiss"]
[EventRounds "5"]
[EventCountry "CAN"]

1. e4 c5 2. Nf3 d6 3. d4 cxd4 4. c3 dxc3 5. Nxc3 Nc6 6. Bc4 e6 7. O-O a6 8. Qe2
Nf6 9. Rd1 Qc7 10. Bf4 Be7 11. Rac1 O-O 12. e5 dxe5 13. Nxe5 Nxe5 14. Bxe5 Qa5
15. Bb3 b5 16. Ne4 Nxe4 17. Qxe4 Ra7 18. Qg4 g6 19. Rd3 b4 20. Qg3 Rd8 21. Qe3
Rb7 22. Qe4 Qb6 23. Bd4 Qb5 24. Bc4 Qf5 25. Qxf5 exf5 26. Bxa6 Rb8 27. Bc4 Be6
28. Bxe6 fxe6 29. Rdd1 Rbc8 30. Be5 Rxc1 31. Rxc1 Rd5 32. f4 Rc5 33. Rxc5 Bxc5+
34. Kf1 Kf7 35. Ke2 Ke7 36. Kd3 Kd7 37. Kc4 Kc6 38. h3 h5 39. b3 Be7 40. Bb2
Bd6 41. Bc1 Be7 42. Bd2 Bd6 43. g3 e5 44. fxe5 Bxe5 45. Bxb4 Bxg3 46. Kd4 g5
47. Ke3 g4 48. hxg4 fxg4 49. Ke2 1/2-1/2

[Event "Montreal CC-ch"]
[Site "Montreal CAN"]
[Date "2023.06.17"]
[Round "3.9"]
[White "Allaire, Denis"]
[Black "Berthiaume, Yves"]
[Result "0-1"]
[WhiteElo "1691"]
[BlackElo "1478"]
[PlyCount "80"]
[EventDate "2023.06.16"]
[EventType "swiss"]
[EventRounds "5"]
[EventCountry "CAN"]

1. e4 e6 2. d4 d5 3. Nd2 dxe4 4. Nxe4 Nd7 5. Nf3 Ngf6 6. Nxf6+ Nxf6 7. Be3 Bd6
8. Bd3 c6 9. Qd2 Qc7 10. O-O-O Bd7 11. Rhe1 O-O-O 12. h3 h6 13. Kb1 Nd5 14. Ne5
Be8 15. Nc4 Bf4 16. c3 Kb8 17. Ne5 Nxe3 18. fxe3 Bxe5 19. dxe5 Qxe5 20. Qc2 f6
21. Rd2 Bf7 22. Ka1 Qc7 23. Rf2 Rd7 24. Be2 Rhd8 25. Rd1 Rxd1+ 26. Bxd1 Qd7 27.
Bf3 e5 28. b3 Qd3 29. Kb2 Bg6 30. Qxd3 Rxd3 31. Re2 e4 32. Bg4 f5 33. Bxf5 Bxf5
34. Kc2 Kc7 35. a4 a5 36. c4 Kd6 37. g4 Be6 38. Rd2 Rxd2+ 39. Kxd2 Kc5 40. Kc3
h5 0-1

[Event "Montreal CC-ch"]
[Site "Montreal CAN"]
[Date "2023.06.17"]
[Round "3.10"]
[White "Ramesan, Raunak Amit"]
[Black "Blouin, Frederic"]
[Result "0-1"]
[WhiteElo "1478"]
[BlackElo "1653"]
[PlyCount "86"]
[EventDate "2023.06.16"]
[EventType "swiss"]
[EventRounds "5"]
[EventCountry "CAN"]

1. e4 c6 2. d4 d5 3. Nc3 dxe4 4. Nxe4 Nf6 5. Nxf6+ exf6 6. Nf3 Bd6 7. Bd3 O-O
8. O-O Bg4 9. h3 Bh5 10. Be3 Nd7 11. Be2 Qc7 12. Qd2 f5 13. c4 f4 14. c5 fxe3
15. cxd6 exf2+ 16. Rxf2 Qxd6 17. Raf1 Rae8 18. Bc4 Nf6 19. Ne5 Re7 20. Qd3 b5
21. Bb3 Rxe5 22. Rxf6 gxf6 23. Qg3+ Bg6 24. dxe5 fxe5 25. h4 Kh8 26. Rd1 Qe7
27. Qc3 c5 28. Rd5 c4 29. Bd1 Rd8 30. Rxd8+ Qxd8 31. Qxe5+ f6 32. Qe2 Qd4+ 33.
Kh2 Qxh4+ 34. Kg1 Qd4+ 35. Kh2 Kg7 36. Qe7+ Bf7 37. Qe2 a5 38. Bc2 Qe5+ 39.
Qxe5 fxe5 40. Kg3 Bg6 41. Bd1 b4 42. a3 c3 43. axb4 cxb2 0-1

[Event "Montreal CC-ch"]
[Site "Montreal CAN"]
[Date "2023.06.17"]
[Round "3.11"]
[White "Mourad, Michel"]
[Black "Yaron Bachrach, Yaron"]
[Result "0-1"]
[WhiteElo "1606"]
[BlackElo "1395"]
[PlyCount "96"]
[EventDate "2023.06.16"]
[EventType "swiss"]
[EventRounds "5"]
[EventCountry "CAN"]

1. d4 d5 2. c4 e6 3. Nc3 Nf6 4. Bg5 Be7 5. e3 O-O 6. Nf3 h6 7. Bh4 b6 8. cxd5
Nxd5 9. Nxd5 Bxh4 10. Nxh4 Qxd5 11. a3 e5 12. Qc2 exd4 13. Ng6 Re8 14. Qxc7
dxe3 15. Ne7+ Rxe7 16. Qxc8+ Kh7 17. Qc2+ g6 18. f3 Nc6 19. Rd1 Nd4 20. Qa4
Nxf3+ 21. Ke2 Nd2 22. Qh4 Qe5 23. g4 Qe4 24. Qg3 Qc2 25. Rc1 Qxc1 26. Bg2 Qc4+
27. Ke1 Ne4 28. Qh4 Qc1+ 29. Ke2 Qd2+ 30. Kf3 Ng5+ 31. Kf4 Ree8 32. Bxa8 e2+
33. Kg3 e1=Q+ 34. Rxe1 Qxe1+ 35. Kf4 Qd2+ 36. Kg3 Qe1+ 37. Kf4 Qxh4 38. h3 Rxa8
39. b4 Nxh3+ 40. Ke5 Re8+ 41. Kd6 Qf6+ 42. Kd5 Re5+ 43. Kc4 Qf4+ 44. Kb3 Re3+
45. Ka4 b5+ 46. Kxb5 Rxa3 47. g5 Qe5+ 48. Kc4 Rc3# 0-1

[Event "Montreal CC-ch"]
[Site "Montreal CAN"]
[Date "2023.06.17"]
[Round "3.12"]
[White "Guillemette, Sebastien"]
[Black "Miron, Gilles"]
[Result "1-0"]
[WhiteElo "1573"]
[BlackElo "1332"]
[PlyCount "93"]
[EventDate "2023.06.16"]
[EventType "swiss"]
[EventRounds "5"]
[EventCountry "CAN"]

1. e4 e6 2. d4 d5 3. e5 c5 4. c3 Nc6 5. Nf3 Qb6 6. a3 cxd4 7. cxd4 Nge7 8. Nc3
Ng6 9. b4 Be7 10. Na4 Qc7 11. Bb2 Bd7 12. Rc1 Rc8 13. b5 Qb8 14. bxc6 Bxc6 15.
Nc5 Bxc5 16. Rxc5 O-O 17. h4 b6 18. Rc1 h6 19. h5 Ne7 20. Bd3 Nf5 21. O-O Qb7
22. Qb3 Qd7 23. Rfe1 Ba4 24. Qb4 Rxc1 25. Rxc1 Bc6 26. Qc3 Rc8 27. Bb5 Ne7 28.
Bd3 Bb7 29. Qd2 Rxc1+ 30. Qxc1 Nc6 31. Bb1 Qc8 32. Qc2 Ne7 33. Qh7+ Kf8 34.
Qh8+ Ng8 35. Bh7 Ke7 36. Qxg8 Qxg8 37. Bxg8 Kf8 38. Bh7 Ba6 39. Bc2 Bc4 40. Ne1
Be2 41. f3 Bc4 42. Kf2 a6 43. a4 b5 44. axb5 axb5 45. Ba3+ Ke8 46. Nd3 Kd7 47.
Bf8 1-0

[Event "Montreal CC-ch"]
[Site "Montreal CAN"]
[Date "2023.06.18"]
[Round "4.2"]
[White "Guillemette, Hugo"]
[Black "Lima-Barbosa, Raphael"]
[Result "0-1"]
[WhiteElo "2125"]
[BlackElo "1938"]
[PlyCount "136"]
[EventDate "2023.06.16"]
[EventType "swiss"]
[EventRounds "5"]
[EventCountry "CAN"]

1. e4 c5 2. Nf3 Nc6 3. Bb5 Nf6 4. Bxc6 dxc6 5. d3 g6 6. h3 Bg7 7. O-O O-O 8.
Nc3 Re8 9. Be3 b6 10. Qd2 e5 11. Bh6 Bh8 12. Qe3 Nd7 13. Nd2 Nf8 14. Qg3 Ne6
15. Be3 Qe7 16. Ne2 Ba6 17. Rab1 Rad8 18. f4 exf4 19. Nxf4 Nd4 20. Bxd4 Bxd4+
21. Kh1 Qc7 22. Qf3 Be5 23. b3 Rd6 24. Ne2 Rf6 25. Qe3 Bc8 26. Rxf6 Bxf6 27.
Rf1 Bd8 28. Qf3 Re7 29. Nf4 b5 30. Qg3 Qd6 31. Ne2 Qd7 32. Nf3 Bc7 33. Qh4 Kg7
34. e5 Qe8 35. Qf6+ Kg8 36. d4 cxd4 37. Nexd4 Bxe5 38. Nxe5 Rxe5 39. Qxc6 Qxc6
40. Nxc6 Rc5 41. Ne7+ Kf8 42. Nxc8 Rxc8 43. Rf2 b4 44. g4 Rc5 45. Kg2 Ra5 46.
Kf3 Ke7 47. Ke4 Rxa2 48. Kd5 Ra6 49. Kc5 Rb6 50. Rf1 Ke6 51. Re1+ Kd7 52. Ra1
Rb7 53. Ra6 Ke7 54. g5 Kd7 55. h4 Ke7 56. Kc6 Rb6+ 57. Rxb6 axb6 58. Kxb6 f5
59. gxf6+ Kxf6 60. Kb5 h5 61. Kxb4 g5 62. hxg5+ Kxg5 63. c4 h4 64. c5 Kf6 65.
Kb5 h3 66. c6 Ke7 67. Kb6 h2 68. c7 Kd7 0-1

[Event "Montreal CC-ch"]
[Site "Montreal CAN"]
[Date "2023.06.18"]
[Round "4.3"]
[White "Gauthier, Luc"]
[Black "Chapdelaine, Gwyn"]
[Result "0-1"]
[WhiteElo "1694"]
[BlackElo "2110"]
[PlyCount "44"]
[EventDate "2023.06.16"]
[EventType "swiss"]
[EventRounds "5"]
[EventCountry "CAN"]

1. e4 c6 2. Nc3 d5 3. Nf3 Bg4 4. h3 Bxf3 5. Qxf3 e6 6. exd5 cxd5 7. Bb5+ Nd7 8.
d4 a6 9. Bxd7+ Qxd7 10. a3 Rc8 11. Qd3 g6 12. Ne2 Bg7 13. c3 Ne7 14. Bf4 O-O
15. g4 Nc6 16. Qg3 Rfe8 17. O-O-O Na5 18. Qd3 Nc4 19. h4 e5 20. dxe5 Bxe5 21.
Qxd5 Qxg4 22. Bxe5 Qxe2 0-1

[Event "Montreal CC-ch"]
[Site "Montreal CAN"]
[Date "2023.06.18"]
[Round "4.4"]
[White "Bain-Thouvarez, Aurelien"]
[Black "Avarian, Sevag"]
[Result "0-1"]
[WhiteElo "1883"]
[BlackElo "1949"]
[PlyCount "112"]
[EventDate "2023.06.16"]
[EventType "swiss"]
[EventRounds "5"]
[EventCountry "CAN"]

1. Nf3 c5 2. g3 g6 3. Bg2 Bg7 4. O-O Nc6 5. d3 d6 6. c4 e5 7. Nc3 Nge7 8. a3 a5
9. Rb1 O-O 10. b3 Rb8 11. Bb2 h6 12. e3 Bg4 13. h3 Bxf3 14. Qxf3 f5 15. Qe2 f4
16. Nd5 Nxd5 17. Bxd5+ Kh7 18. gxf4 exf4 19. Bxg7 Kxg7 20. Kh1 Qh4 21. Qg4 Qxg4
22. hxg4 fxe3 23. fxe3 Ne5 24. g5 h5 25. d4 Ng4 26. dxc5 Nxe3 27. Rxf8 Rxf8 28.
cxd6 Nxd5 29. cxd5 Rd8 30. b4 a4 31. Re1 Rxd6 32. Re5 Kf7 33. Kg2 Rd7 34. d6
Rxd6 35. Ra5 Rd2+ 36. Kg1 b5 37. Rxb5 Ra2 38. Rb7+ Ke6 39. b5 Rxa3 40. Rc7 Rb3
41. Rc6+ Kf5 42. b6 Kxg5 43. Rc5+ Kh6 44. Ra5 Rxb6 45. Rxa4 Rb2 46. Ra6 h4 47.
Ra8 Kh5 48. Rh8+ Kg4 49. Ra8 g5 50. Ra4+ Kh5 51. Ra5 Re2 52. Kh1 Kg4 53. Ra4+
Kf3 54. Ra3+ Re3 55. Ra5 g4 56. Rh5 Kg3 0-1

[Event "Montreal CC-ch"]
[Site "Montreal CAN"]
[Date "2023.06.18"]
[Round "4.5"]
[White "Genzling, Jerome"]
[Black "Vignalou, Joseph"]
[Result "1/2-1/2"]
[WhiteElo "2157"]
[BlackElo "1551"]
[PlyCount "114"]
[EventDate "2023.06.16"]
[EventType "swiss"]
[EventRounds "5"]
[EventCountry "CAN"]

1. e4 c5 2. Nf3 d6 3. d4 cxd4 4. Nxd4 Nf6 5. Nc3 a6 6. g3 e5 7. Nde2 Bg4 8. Bg2
Nc6 9. Be3 b5 10. h3 Be6 11. O-O Rc8 12. a4 b4 13. Nd5 Bxd5 14. exd5 Na5 15. b3
Nb7 16. Rc1 Qa5 17. c3 bxc3 18. Qd3 Be7 19. Rxc3 Rxc3 20. Qxc3 Qxc3 21. Nxc3
O-O 22. b4 Rc8 23. Rc1 Rc4 24. Na2 Rxc1+ 25. Nxc1 a5 26. b5 Nd7 27. Nb3 Bd8 28.
Be4 Bb6 29. Bd2 Ndc5 30. Nxc5 Nxc5 31. Bc2 h6 32. Kg2 Kf8 33. Kf3 Ke7 34. g4 g5
35. h4 f6 36. Be3 Kf7 37. h5 Ke7 38. Bxc5 Bxc5 39. Bf5 Kd8 40. Be6 Kc7 41. Ke2
Kd8 42. f3 Ke7 43. Kd3 Kf8 44. Kc4 Bb6 45. Kd3 Bc5 46. Ke4 Kg7 47. Kf5 Bg1 48.
Bd7 Kf7 49. Be8+ Kxe8 50. Kxf6 Be3 51. Kg7 Ke7 52. Kxh6 Kf6 53. Kh7 Kf7 54. Kh6
Kf6 55. Kh7 Kf7 56. Kh8 Bd4 57. Kh7 Be3 1/2-1/2

[Event "Montreal CC-ch"]
[Site "Montreal CAN"]
[Date "2023.06.18"]
[Round "4.6"]
[White "Varfalvy, Peter"]
[Black "Singher, Jean-Pierre"]
[Result "0-1"]
[WhiteElo "1556"]
[BlackElo "2041"]
[PlyCount "46"]
[EventDate "2023.06.16"]
[EventType "swiss"]
[EventRounds "5"]
[EventCountry "CAN"]

1. e4 c5 2. Nf3 Nc6 3. c3 e6 4. d4 d5 5. dxc5 Bxc5 6. exd5 exd5 7. Bb5 Nf6 8.
Bg5 Bxf2+ 9. Kf1 Bb6 10. Qe2+ Be6 11. Nd4 O-O 12. Nxe6 fxe6 13. Ke1 Qd6 14. Bd3
e5 15. g3 e4 16. Bb5 d4 17. Bxc6 bxc6 18. Qc4+ Qd5 19. Na3 Kh8 20. Bxf6 Rxf6
21. cxd4 Bxd4 22. Rd1 Bf2+ 23. Ke2 Qh5+ 0-1

[Event "Montreal CC-ch"]
[Site "Montreal CAN"]
[Date "2023.06.18"]
[Round "4.7"]
[White "Millette, Sylvain"]
[Black "Chasles, Jean-Benoit"]
[Result "1/2-1/2"]
[WhiteElo "1548"]
[BlackElo "1829"]
[PlyCount "80"]
[EventDate "2023.06.16"]
[EventType "swiss"]
[EventRounds "5"]
[EventCountry "CAN"]

1. Nf3 d5 2. g3 Bf5 3. Bg2 Nc6 4. c3 e5 5. d3 Nf6 6. Bg5 Be7 7. Nbd2 Qd7 8.
Bxf6 Bxf6 9. e4 dxe4 10. Nxe4 b6 11. O-O Bxe4 12. dxe4 O-O-O 13. Qa4 Kb8 14.
Rfd1 Qe6 15. Bf1 Na5 16. c4 Be7 17. Qb5 f6 18. b4 c6 19. Qa4 Rxd1 20. Rxd1 Nxc4
21. Qb3 b5 22. Rc1 Rd8 23. Bxc4 bxc4 24. Rxc4 Rd1+ 25. Kg2 Rb1 26. Qc3 Kb7 27.
Nd2 Rd1 28. Nb3 Kc7 29. Na5 c5 30. Nb3 Qd7 31. Nxc5 Bxc5 32. Rxc5+ Kd8 33. Qb3
Rd2 34. Qg8+ Ke7 35. Qxg7+ Ke6 36. Qg8+ Kd6 37. Qb8+ Ke6 38. Rc7 Rxf2+ 39. Kh3
Rxh2+ 40. Kxh2 Qd2+ 1/2-1/2

[Event "Montreal CC-ch"]
[Site "Montreal CAN"]
[Date "2023.06.18"]
[Round "4.8"]
[White "Berthiaume, Yves"]
[Black "Baran, Marius"]
[Result "0-1"]
[WhiteElo "1478"]
[BlackElo "1803"]
[PlyCount "66"]
[EventDate "2023.06.16"]
[EventType "swiss"]
[EventRounds "5"]
[EventCountry "CAN"]

1. d4 Nf6 2. Bf4 b6 3. Nf3 Bb7 4. e3 g6 5. Bd3 Bg7 6. h3 O-O 7. Nbd2 d5 8. c3
Nbd7 9. Qe2 c5 10. O-O Re8 11. Ne5 Nxe5 12. dxe5 Nd7 13. Nf3 e6 14. Ba6 Bxa6
15. Qxa6 Qc7 16. Rac1 Nxe5 17. Kh1 f6 18. Qe2 Qe7 19. Nxe5 fxe5 20. Bg3 e4 21.
Rfd1 Rad8 22. Rd2 c4 23. Rcd1 b5 24. a3 a5 25. Qg4 b4 26. Bh4 Bf6 27. Bxf6 Qxf6
28. axb4 axb4 29. cxb4 Rb8 30. Qg3 Rxb4 31. Qf4 Qxf4 32. exf4 Reb8 33. g4 Rxb2
0-1

[Event "Montreal CC-ch"]
[Site "Montreal CAN"]
[Date "2023.06.18"]
[Round "4.9"]
[White "Blouin, Frederic"]
[Black "Pepin, Pierre-Luc"]
[Result "1-0"]
[WhiteElo "1653"]
[BlackElo "1292"]
[PlyCount "55"]
[EventDate "2023.06.16"]
[EventType "swiss"]
[EventRounds "5"]
[EventCountry "CAN"]

1. c4 b6 2. d4 Bb7 3. Nc3 e6 4. e4 h6 5. Bd3 d6 6. Nf3 Nf6 7. O-O g6 8. e5 dxe5
9. dxe5 Nfd7 10. Be4 Bxe4 11. Nxe4 Bg7 12. Qa4 O-O 13. Rd1 g5 14. h3 Qe8 15.
Qc2 Nxe5 16. Nxe5 Bxe5 17. f4 f5 18. fxe5 fxe4 19. Qxe4 Qc6 20. Qg6+ Kh8 21.
Qxh6+ Kg8 22. Qg6+ Kh8 23. Qh5+ Kg8 24. Qxg5+ Kh8 25. Rd4 Rf7 26. Qh6+ Kg8 27.
Rg4+ Rg7 28. Qxg7# 1-0

[Event "Montreal CC-ch"]
[Site "Montreal CAN"]
[Date "2023.06.18"]
[Round "4.10"]
[White "Yaron Bachrach, Yaron"]
[Black "Guillemette, Sebastien"]
[Result "0-1"]
[WhiteElo "1395"]
[BlackElo "1573"]
[PlyCount "46"]
[EventDate "2023.06.16"]
[EventType "swiss"]
[EventRounds "5"]
[EventCountry "CAN"]

1. Nf3 c5 2. c4 e6 3. g3 b6 4. Bg2 Bb7 5. Nc3 Nf6 6. O-O Be7 7. e3 O-O 8. d4
cxd4 9. exd4 d6 10. Re1 a6 11. Bf4 Re8 12. Rc1 Nbd7 13. Qe2 Bf8 14. Rcd1 Qc7
15. b4 Rac8 16. c5 bxc5 17. dxc5 e5 18. Bg5 dxc5 19. bxc5 Bxc5 20. Rc1 h6 21.
Be3 Qa5 22. h3 Bb4 23. Rb1 Bxf3 0-1

[Event "Montreal CC-ch"]
[Site "Montreal CAN"]
[Date "2023.06.18"]
[Round "4.11"]
[White "Menard, Fabien"]
[Black "Bernardi, Felipe"]
[Result "1-0"]
[WhiteElo "1136"]
[BlackElo "1556"]
[PlyCount "101"]
[EventDate "2023.06.16"]
[EventType "swiss"]
[EventRounds "5"]
[EventCountry "CAN"]

1. e4 c5 2. d4 cxd4 3. c3 dxc3 4. Nxc3 e6 5. Bc4 Bb4 6. Bd2 Ne7 7. Qg4 O-O 8.
Bh6 Bxc3+ 9. bxc3 Ng6 10. h4 Qf6 11. Ne2 Ne5 12. Bxg7 Qxg7 13. Qxg7+ Kxg7 14.
Bb3 Nd3+ 15. Kf1 f5 16. exf5 Rxf5 17. f3 b6 18. Bc2 Rd5 19. c4 Nb4 20. cxd5
Nxc2 21. Rc1 Ne3+ 22. Kf2 Bb7 23. Kxe3 Bxd5 24. Nc3 Bc6 25. h5 Na6 26. h6+ Kg6
27. Ne4 Nb4 28. Rh4 Nd5+ 29. Kd4 Nf6 30. Nxf6 Kxf6 31. Rf4+ Ke7 32. Rg4 Rf8 33.
Rg7+ Rf7 34. Rxf7+ Kxf7 35. Ke5 Kg6 36. Rh1 a5 37. f4 a4 38. Rh3 b5 39. a3 Bd5
40. f5+ Kf7 41. Rg3 d6+ 42. Kxd6 Kf6 43. Rg7 Kxf5 44. g4+ Kf4 45. g5 Be4 46.
Kxe6 b4 47. g6 bxa3 48. gxh7 Bxh7 49. Rxh7 a2 50. Rf7+ Ke3 51. Rf1 1-0

[Event "Montreal CC-ch"]
[Site "Montreal CAN"]
[Date "2023.06.18"]
[Round "4.12"]
[White "Kozlov, Guennadi"]
[Black "Qi, Jason"]
[Result "1-0"]
[WhiteElo "1739"]
[BlackElo "1431"]
[PlyCount "37"]
[EventDate "2023.06.16"]
[EventType "swiss"]
[EventRounds "5"]
[EventCountry "CAN"]

1. e4 c5 2. Nf3 e6 3. d4 cxd4 4. c3 d3 5. Bxd3 Nc6 6. O-O Qc7 7. Re1 d6 8. Na3
a6 9. Nc4 b5 10. Ne3 Nf6 11. a4 bxa4 12. Rxa4 Be7 13. Qe2 O-O 14. Nc4 d5 15.
Ncd2 a5 16. e5 Nd7 17. Nb3 Nc5 18. Nxc5 Bxc5 19. Bxh7+ 1-0

[Event "Montreal CC-ch"]
[Site "Montreal CAN"]
[Date "2023.06.18"]
[Round "5.2"]
[White "Lima-Barbosa, Raphael"]
[Black "Avarian, Sevag"]
[Result "1-0"]
[WhiteElo "1938"]
[BlackElo "1949"]
[PlyCount "105"]
[EventDate "2023.06.16"]
[EventType "swiss"]
[EventRounds "5"]
[EventCountry "CAN"]

1. d4 Nf6 2. c4 c5 3. d5 b5 4. cxb5 a6 5. bxa6 g6 6. Nc3 Bg7 7. Nf3 O-O 8. e4
Qa5 9. Bd2 Nxa6 10. Be2 d6 11. h3 Bd7 12. O-O Rfb8 13. Rb1 Ne8 14. a3 Qb6 15.
Qc2 Nec7 16. Bg5 h6 17. Bxe7 g5 18. Nd2 Ne8 19. Nc4 Qc7 20. e5 dxe5 21. d6 Qc8
22. Bf3 Ra7 23. Rfe1 Bf5 24. Be4 Bxe4 25. Qxe4 Rab7 26. Nd5 f5 27. Qf3 e4 28.
Qd1 Qe6 29. Ndb6 Bd4 30. Qa4 Nxd6 31. Bxd6 Rxb6 32. Bxb8 Rxb8 33. Re2 Nb4 34.
Qb3 Nc6 35. Qc2 Bf6 36. Qa4 Nd4 37. Rd2 f4 38. Qa7 Re8 39. Qxc5 Rc8 40. Qd6 Qf5
41. Rxd4 Rd8 42. Qxd8+ Bxd8 43. Rxd8+ Kg7 44. Rbd1 f3 45. g4 Qb5 46. R8d7+ Kf8
47. Rc7 Qb8 48. Rdd7 h5 49. Ne5 e3 50. fxe3 f2+ 51. Kg2 f1=Q+ 52. Kxf1 Qb5+ 53.
Kg1 1-0

[Event "Montreal CC-ch"]
[Site "Montreal CAN"]
[Date "2023.06.18"]
[Round "5.3"]
[White "Mok, Yuen Tak"]
[Black "Blouin, Frederic"]
[Result "1-0"]
[WhiteElo "2075"]
[BlackElo "1653"]
[PlyCount "43"]
[EventDate "2023.06.16"]
[EventType "swiss"]
[EventRounds "5"]
[EventCountry "CAN"]

1. Nf3 d5 2. c4 c6 3. e3 Bf5 4. cxd5 cxd5 5. Nc3 Nf6 6. Qb3 Qb6 7. Nxd5 Qxb3 8.
Nxf6+ exf6 9. axb3 Bb4 10. Nd4 Bd7 11. Nb5 Na6 12. Rxa6 bxa6 13. Nc7+ Kd8 14.
Nxa8 Bb5 15. Bc4 Kd7 16. Kd1 Rxa8 17. d3 f5 18. Bd2 Rb8 19. Bxb4 Bxc4 20. bxc4
Rxb4 21. Kc2 Kc6 22. Ra1 1-0

[Event "Montreal CC-ch"]
[Site "Montreal CAN"]
[Date "2023.06.18"]
[Round "5.4"]
[White "Vignalou, Joseph"]
[Black "Baran, Marius"]
[Result "1-0"]
[WhiteElo "1551"]
[BlackElo "1803"]
[PlyCount "73"]
[EventDate "2023.06.16"]
[EventType "swiss"]
[EventRounds "5"]
[EventCountry "CAN"]

1. e4 d5 2. exd5 Nf6 3. Bb5+ Bd7 4. Bc4 Bg4 5. f3 Bc8 6. Bb5+ Bd7 7. Bxd7+ Qxd7
8. c4 c6 9. dxc6 Nxc6 10. Ne2 Ne5 11. d4 Nxc4 12. O-O e6 13. Qb3 Nb6 14. Nbc3
Be7 15. Rd1 Nbd5 16. Nf4 Nxc3 17. bxc3 O-O 18. Nd3 Qd5 19. Ne5 b5 20. Ba3 Bxa3
21. Qxa3 Rfd8 22. Qe7 Rf8 23. a4 Qb3 24. axb5 Nd5 25. Qa3 Qxc3 26. Rd3 Qc7 27.
Qc5 Rfc8 28. Nc6 a6 29. Rda3 Qb7 30. Rxa6 Rab8 31. Qd6 Qxb5 32. Nxb8 Qd3 33.
Nc6 Qe3+ 34. Kh1 g6 35. Ra8 Rxa8 36. Rxa8+ Kg7 37. Qe5+ 1-0

[Event "Montreal CC-ch"]
[Site "Montreal CAN"]
[Date "2023.06.18"]
[Round "5.5"]
[White "Guillemette, Sebastien"]
[Black "Menard, Fabien"]
[Result "1-0"]
[WhiteElo "1573"]
[BlackElo "1136"]
[PlyCount "57"]
[EventDate "2023.06.16"]
[EventType "swiss"]
[EventRounds "5"]
[EventCountry "CAN"]

1. e4 e5 2. Nf3 Nc6 3. Bb5 f5 4. d4 fxe4 5. Nxe5 Nxe5 6. dxe5 Bc5 7. O-O Qe7 8.
e6 Qxe6 9. Qh5+ Qg6 10. Qxc5 c6 11. Qe5+ Ne7 12. Be2 Qf6 13. Bh5+ Kd8 14. Qxe4
g6 15. Bf3 Nd5 16. Re1 d6 17. Bg4 Bxg4 18. Qxg4 Kc7 19. Nc3 Rhf8 20. Nxd5+ cxd5
21. Be3 Rae8 22. h3 Re4 23. Qg5 Qf7 24. c3 Re5 25. Qg3 h6 26. Bd4 Rf5 27. Qe3
Kd7 28. b4 Rc8 29. a4 1-0